000 00415nam a22001697a 4500
003 NUST - PNEC
005 20170116181150.0
008 151124b xxu||||| |||| 00| 0 eng d
020 _a0706974689
040 _cLIBRARY
082 _a954.02 MEE
100 _915391
_aSingh, Meera
245 _aMedieval history of India
_cMeera Singh
260 _cc1978.
650 _915392
_aIndia
_xGeneral
942 _2ddc
_cBK
999 _c70935
_d70935